<?xml version="1.0" encoding="UTF-8"?>
<marc:record xmlns:marc="http://www.loc.gov/MARC21/slim">
   <marc:leader>00000nam a2200000 a 4500</marc:leader>
   <marc:datafield ind1="1" ind2=" " tag="100">
      <marc:subfield code="a">Cortés, Rodrigo [Regie]</marc:subfield>
      <marc:subfield code="4">aut</marc:subfield>
      <marc:subfield code="e">Verfasser/-in</marc:subfield>
   </marc:datafield>
   <marc:datafield ind1=" " ind2=" " tag="653">
      <marc:subfield code="a">Luxus</marc:subfield>
   </marc:datafield>
   <marc:datafield ind1=" " ind2=" " tag="653">
      <marc:subfield code="a">Drama</marc:subfield>
   </marc:datafield>
   <marc:datafield ind1=" " ind2=" " tag="653">
      <marc:subfield code="a">Geld</marc:subfield>
   </marc:datafield>
   <marc:datafield ind1=" " ind2=" " tag="653">
      <marc:subfield code="a">Gewinn</marc:subfield>
   </marc:datafield>
   <marc:datafield ind1="0" ind2="0" tag="245">
      <marc:subfield code="a">The winner takes it all [Bildtonträger]</marc:subfield>
   </marc:datafield>
   <marc:datafield ind1="0" ind2="0" tag="245">
      <marc:subfield code="b">der Fluch des Geldes</marc:subfield>
   </marc:datafield>
   <marc:datafield ind1="0" ind2="0" tag="245">
      <marc:subfield code="c">Regie: Rodrigo Cortés. Darsteller: Leonardo Sbaraglia ...</marc:subfield>
   </marc:datafield>
   <marc:datafield ind1=" " ind2="1" tag="264">
      <marc:subfield code="a">[Dortmund]</marc:subfield>
      <marc:subfield code="b">3L Film</marc:subfield>
      <marc:subfield code="c">2014</marc:subfield>
   </marc:datafield>
   <marc:datafield ind1="1" ind2=" " tag="520">
      <marc:subfield code="a">Martin Circo - ein junger Professor der Volkswirtschaftsgeschichte - ist der Sieger der lukrativsten Quizsendung in der Geschichte des Fernsehens. Sein Gewinn: Sachpreise jeglicher Art im Wert von mehr als 3 Millionen Euro. Er begreift jedoch schnell, Millionär zu sein ist teuer, sehr teuer. Martin hat nicht genug Geld sein neu gewonnenes Haus, seine Autos, seine Jacht und sein Flugzeug zu unterhalten. Die Finanzbehörden und seine habgierige Freundin machen ihm die Hölle heiß. Zudem ohne dass Martin es bemerkt, gerät er in eine Falle ohne Ausweg, während er verzweifelt versucht die gewonnen Preise wieder zu verkaufen. Kann dabei ein seltsamer Ökonom namens Edmundo Figueroa seine letzte Chance sein zu flüchten? Die Show hat gerade erst begonnen...</marc:subfield>
   </marc:datafield>
   <marc:datafield ind1=" " ind2=" " tag="020">
      <marc:subfield code="a">? 7,50</marc:subfield>
      <marc:subfield code="9">? 7,50</marc:subfield>
   </marc:datafield>
   <marc:datafield ind1=" " ind2=" " tag="041">
      <marc:subfield code="a">ger</marc:subfield>
   </marc:datafield>
   <marc:datafield ind1="0" ind2=" " tag="490">
      <marc:subfield code="v">0</marc:subfield>
   </marc:datafield>
   <marc:datafield ind1=" " ind2=" " tag="300">
      <marc:subfield code="a">90' : 1 DVD</marc:subfield>
   </marc:datafield>
</marc:record>
